| 000 | 00617nam a2200181 i 4500 | ||
|---|---|---|---|
| 001 | 182858 | ||
| 003 | ES-MaACL | ||
| 005 | 20230906221731.0 | ||
| 008 | 131118s2006 mx |||| | spa d | ||
| 020 | _a970-9783-03-3 | ||
| 110 | 2 |
_aAteneo Español de México. _bArchivo. _9153846 |
|
| 245 | 1 | 0 |
_aArchivo / _cAteneo Español de México. |
| 260 |
_aMéxico, D.F. : _bEmbajada de España en México : _bAECI : _bEl Ateneo, _c2006. |
||
| 300 |
_a231 p. ; _c26 cm. |
||
| 610 | 2 | 4 |
_aAteneo Español de México. _bArchivo- _vCatálogos. _9153847 |
| 710 | 2 |
_aAteneo Español de México. _92039 |
|
| 852 |
_aES-MaACL _jA-6442 |
||
| 999 |
_c182858 _d182858 |
||